000 00831nam a2200301Ia 4500
003 OSt
005 20221006144525.0
006 a|||||r|||| 00| 0
007 ta
008 221006b |||||||| |||| 00| 0 eng d
020 _a0898911966
_c125.00
020 _a9780898911961
024 _a11,880
037 _cTextual
040 _aEASL
_cEASL
_beng
041 _2eng
_aeng
082 _aV41:192.N84, M6
100 _aVijay Kumar
245 0 _aIndia and Sri Lanka - China relations
260 _aNew Delhi
_bUppal Pub. India
_c1986
300 _a196p.
_ccm.
490 _v CEL
650 _a CEL
650 _a China - Foreign relations - Sri Lanka
_9652187
650 _aChina - Foreign relations - India
942 _hV41:192.N84, M6
_cTEXL
_2CC
999 _c1079966
_d1079966